Biodiésel de palma colombiano : (Registro nro. 6207)
[ vista simple ]
| 000 -LEADER | |
|---|---|
| fixed length control field | 01604nam a2200301Ia 4500 |
| 003 - CONTROL NUMBER IDENTIFIER | |
| control field | OSt |
| 005 - DATE AND TIME OF LATEST TRANSACTION | |
| control field | 20210208154941.0 |
| 008 - FIXED-LENGTH DATA ELEMENTS--GENERAL INFORMATION | |
| fixed length control field | 191128t2013 ck ao gr 000 0dspa d |
| 020 ## - INTERNATIONAL STANDARD BOOK NUMBER | |
| International Standard Book Number | 9789588616599 |
| 040 ## - CATALOGING SOURCE | |
| Original cataloging agency | CO-JMCR |
| Transcribing agency | CO-JMCR |
| 041 0# - LANGUAGE CODE | |
| Language code of text/sound track or separate title | spa |
| 082 04 - DEWEY DECIMAL CLASSIFICATION NUMBER | |
| Classification number | 662.88 / |
| Item number | R822b |
| Edition number | 23 |
| 100 1# - MAIN ENTRY--PERSONAL NAME | |
| Personal name | Rueda Zárate, Alejandra, |
| Relator term | autora |
| 9 (RLIN) | 12929 |
| 245 10 - TITLE STATEMENT | |
| Title | Biodiésel de palma colombiano : |
| Remainder of title | de la ficción energética a la realidad de un negocio / |
| Statement of responsibility, etc. | Alejandra Rueda Zárate y Marlyn Ahumada Yanet |
| 260 ## - PUBLICATION, DISTRIBUTION, ETC. | |
| Place of publication, distribution, etc. | Bogotá : |
| Name of publisher, distributor, etc. | Fedepalma, |
| Date of publication, distribution, etc. | ©2013 |
| 300 ## - PHYSICAL DESCRIPTION | |
| Extent | 229 páginas : |
| Other physical details | ilustraciones y fotografías a color ; |
| Dimensions | 24 cm. |
| 500 ## - GENERAL NOTE | |
| General note | Incluye notas a pie de página y datos biográficos de las autoras en solapas. |
| 504 ## - BIBLIOGRAPHY, ETC. NOTE | |
| Bibliography, etc. note | Bibliografía: páginas 224-229 |
| 505 0# - FORMATTED CONTENTS NOTE | |
| Formatted contents note | Sinergias: un enfoque ganador -- El mundo del biodiésel -- Colombia entró con todo a la era de los biocombustibles -- La palma de aceite se convierte en un negocio energético -- Evidencias contundentes |
| 520 3# - SUMMARY, ETC. | |
| Summary, etc. | Biodiésel de palma colombiano: De la ficción energética a la realidad de un negocio, escrito por Alejandra Rueda Zárate y Marlyn Ahumada Yanet, es justamente la historia de cómo se diseñó y se puso en marcha un engranaje. |
| 650 14 - SUBJECT ADDED ENTRY--TOPICAL TERM | |
| Topical term or geographic name entry element | Biodiesel de palma |
| General subdivision | producción |
| Geographic subdivision | Colombia |
| 9 (RLIN) | 13162 |
| 650 14 - SUBJECT ADDED ENTRY--TOPICAL TERM | |
| Topical term or geographic name entry element | Industria de la palma africana |
| Geographic subdivision | Colombia |
| 9 (RLIN) | 13163 |
| 650 14 - SUBJECT ADDED ENTRY--TOPICAL TERM | |
| Topical term or geographic name entry element | Cultivo de palma africana |
| Geographic subdivision | Colombia |
| 9 (RLIN) | 13164 |
| 650 14 - SUBJECT ADDED ENTRY--TOPICAL TERM | |
| Topical term or geographic name entry element | Desarrollo sostenible |
| Geographic subdivision | Colombia |
| 9 (RLIN) | 10195 |
| 650 14 - SUBJECT ADDED ENTRY--TOPICAL TERM | |
| Topical term or geographic name entry element | Combustible biodiésel |
| Geographic subdivision | Colombia |
| 9 (RLIN) | 13165 |
| 700 1# - ADDED ENTRY--PERSONAL NAME | |
| Personal name | Ahumada Yanet, Marlyn, |
| Relator term | autora |
| 9 (RLIN) | 12933 |
| 942 ## - ADDED ENTRY ELEMENTS (KOHA) | |
| Source of classification or shelving scheme | Dewey Decimal Classification |
| Koha item type | Books |
| Withdrawn status | Lost status | Source of classification or shelving scheme | Damaged status | Not for loan | Collection code | Home library | Current library | Date acquired | Source of acquisition | Total Checkouts | Full call number | Barcode | Date last seen | Date last checked out | Copy number | Koha item type |
|---|---|---|---|---|---|---|---|---|---|---|---|---|---|---|---|---|
| Dewey Decimal Classification | Non-fiction | Biblioteca Pública José María del Castillo y Rada | Biblioteca Pública José María del Castillo y Rada | 04/15/2018 | Donación | 1 | 662.88 / R822b | 430012187 | 06/18/2025 | 06/16/2025 | Ej.1 | Books |